Übungen zur Technischen Strömungslehre /

Guardado en:
Detalles Bibliográficos
Autores principales: Becker, Ernst (Autor), Piltz, Eckart (Autor)
Formato: Libro
Lenguaje:alemán
Publicado: Stuttgart : BSB Teubner, 1991
Edición:4.Aufl.
Materias:
Etiquetas: Agregar Etiqueta
Sin Etiquetas, Sea el primero en etiquetar este registro!

MARC

LEADER 00000nam a22000003a 4500
001 stu42505
005 20150617225720.5
008 940413s1991----gw------------------ger-d
020 |a 3-519-33024-5 
040 |a STU  |b slo 
041 0 |a ger 
044 |a gw 
080 |a 532.517  |7 stu_us_auth*stu5581 
080 |a 533.6.011 
100 1 |a Becker, Ernst  |4 aut 
245 1 |a Übungen zur Technischen Strömungslehre /  |c [aut.]Ernst Becker, Eckart Piltz 
250 |a 4.Aufl. 
260 |a Stuttgart :  |b BSB Teubner,  |c 1991 
300 |a 134 s 
650 7 |a Prúdenie  |2 stusub 
650 7 |a hydromechanika  |2 stusub 
650 7 |a plyny  |2 stusub 
700 1 |a Piltz, Eckart  |4 aut 
996 |b 284M026030  |c M*8614-1  |l MMKN  |s A  |a 24  |w stu42505_0001